<?xml version="1.0" encoding="UTF-8"?>
<record
    xmlns:xsi="http://www.w3.org/2001/XMLSchema-instance"
    xsi:schemaLocation="http://www.loc.gov/MARC21/slim http://www.loc.gov/standards/marcxml/schema/MARC21slim.xsd"
    xmlns="http://www.loc.gov/MARC21/slim">

  <leader>02163nam a2200229 a 4500</leader>
  <controlfield tag="001">000010356</controlfield>
  <controlfield tag="005">20260305073958.0</controlfield>
  <controlfield tag="008">091006t1985    dr            001 e spa d</controlfield>
  <datafield tag="040" ind1=" " ind2=" ">
    <subfield code="a">DO-SdBNP</subfield>
  </datafield>
  <datafield tag="082" ind1=" " ind2=" ">
    <subfield code="a">RD864.44</subfield>
    <subfield code="b">G377t</subfield>
  </datafield>
  <datafield tag="100" ind1="1" ind2=" ">
    <subfield code="a">Ger&#xF3;n, Candido,</subfield>
    <subfield code="d">1948-</subfield>
    <subfield code="9">3577</subfield>
  </datafield>
  <datafield tag="245" ind1="1" ind2="0">
    <subfield code="a">Tr&#xE1;nsito literario /</subfield>
    <subfield code="c">C&#xE1;ndido Ger&#xF3;n.</subfield>
  </datafield>
  <datafield tag="260" ind1=" " ind2=" ">
    <subfield code="a">Santo Domingo :</subfield>
    <subfield code="b">F&#xE9;lix Reyes,</subfield>
    <subfield code="c">1985.</subfield>
  </datafield>
  <datafield tag="300" ind1=" " ind2=" ">
    <subfield code="a">168 p. ;</subfield>
    <subfield code="c">21 cm.</subfield>
  </datafield>
  <datafield tag="500" ind1=" " ind2=" ">
    <subfield code="a">Incluye datos biogr&#xE1;ficos del autor en la contracubierta.</subfield>
  </datafield>
  <datafield tag="505" ind1="0" ind2=" ">
    <subfield code="t">Para comprender esta obra --</subfield>
    <subfield code="t">Juicio cr&#xED;tico a las obras literarias del Dr. Jorge Blanco --</subfield>
    <subfield code="t">Salvador Jorge Blanco : un presidente humanista --</subfield>
    <subfield code="t">La po&#xE9;tica de Balaguer --</subfield>
    <subfield code="t">La narrativa de Bosch --</subfield>
    <subfield code="t">La poes&#xED;a de Baeza Flores --</subfield>
    <subfield code="t">La poes&#xED;a de Pedro Mir --</subfield>
    <subfield code="t">La poes&#xED;a de Fern&#xE1;ndez Spencer --</subfield>
    <subfield code="t">Antonio Carlos Gonz&#xE1;lez. Poeta espa&#xF1;ol --</subfield>
    <subfield code="t">La pasi&#xF3;n human&#xED;stica de Freddy Prestol Castillo --</subfield>
    <subfield code="t">Eunice Odio: poetisa costarricense --</subfield>
    <subfield code="t">"Al final del arcoiris" de Bonaparte Gautreaux Pi&#xF1;eyro --</subfield>
    <subfield code="t">La poes&#xED;a de Gat&#xF3;n Arce --</subfield>
    <subfield code="t">Se nos muere Moreno Jimenes --</subfield>
    <subfield code="t">Presentando al General Don Manuel Antonio Cuervo G&#xF3;mez --</subfield>
    <subfield code="t">La poes&#xED;a de Manuel Rueda --</subfield>
    <subfield code="t">La po&#xE9;tica de V&#xED;ctor Villegas --</subfield>
    <subfield code="t">La poes&#xED;a de Lupo Hern&#xE1;ndez Rueda --</subfield>
    <subfield code="t">El Premio Nacional de Poes&#xED;a --</subfield>
    <subfield code="t">La presencia de Matos Paoli --</subfield>
    <subfield code="t">"Maneras de luchar" de Rub&#xE9;n Vela --</subfield>
    <subfield code="t">La po&#xE9;tica de Tolentino --</subfield>
    <subfield code="t">La poes&#xED;a de Abelardo Vicioso --</subfield>
    <subfield code="t">&#xC1;ngeles Amber: poetisa espa&#xF1;ola --</subfield>
    <subfield code="t">Pr&#xF3;logo a la obra de Miguel Fajardo (poeta costarricense) --</subfield>
    <subfield code="t">La pluralidad po&#xE9;tica en Miguel Fajardo --</subfield>
    <subfield code="t">Alicia Uzcanga Lavalle: poetisa mexicana --</subfield>
    <subfield code="t">Dominique Bludhorn y su preocupaci&#xF3;n por el arte dominicano --</subfield>
    <subfield code="t">La contribuci&#xF3;n de Dominique Bludhorn al desarrollo hist&#xF3;rico, art&#xED;stico y cultural del pa&#xED;s --</subfield>
    <subfield code="t">"El para&#xED;so de la memoria " de Pedro Peix --</subfield>
    <subfield code="t">La obra po&#xE9;tica de Tony Raful --</subfield>
    <subfield code="t">La evoluci&#xF3;n po&#xE9;tica de Tony Raful --</subfield>
    <subfield code="t">"La otra Pen&#xE9;lope" de Andr&#xE9;s L. Mateo --</subfield>
    <subfield code="t">La poes&#xED;a de Orlando Gil.</subfield>
  </datafield>
  <datafield tag="650" ind1=" " ind2="0">
    <subfield code="a">Ensayos dominicanos</subfield>
    <subfield code="9">65</subfield>
  </datafield>
  <datafield tag="650" ind1=" " ind2="0">
    <subfield code="a">Literatura dominicana.</subfield>
    <subfield code="9">67</subfield>
  </datafield>
  <datafield tag="650" ind1=" " ind2="4">
    <subfield code="a">Autores dominicanos</subfield>
    <subfield code="x">Cr&#xED;tica e interpretaci&#xF3;n</subfield>
    <subfield code="9">158</subfield>
  </datafield>
  <datafield tag="910" ind1=" " ind2=" ">
    <subfield code="a">Validado. Control de calidad EMS.</subfield>
  </datafield>
  <datafield tag="049" ind1=" " ind2=" ">
    <subfield code="a">BNPD</subfield>
  </datafield>
  <datafield tag="952" ind1=" " ind2=" ">
    <subfield code="0">0</subfield>
    <subfield code="1">0</subfield>
    <subfield code="5">4</subfield>
    <subfield code="7">0</subfield>
    <subfield code="8">DS</subfield>
    <subfield code="a">GR</subfield>
    <subfield code="b">GR</subfield>
    <subfield code="c">HD</subfield>
    <subfield code="d">2009-10-06</subfield>
    <subfield code="i">LF1</subfield>
    <subfield code="l">0</subfield>
    <subfield code="o">RD864.44 G377t</subfield>
    <subfield code="p">10356-30</subfield>
    <subfield code="r">2020-06-25</subfield>
    <subfield code="t">e. 3</subfield>
    <subfield code="w">2020-06-25</subfield>
    <subfield code="y">LFDS</subfield>
    <subfield code="Z">Pr&#xE9;stamo en sala</subfield>
  </datafield>
  <datafield tag="952" ind1=" " ind2=" ">
    <subfield code="0">0</subfield>
    <subfield code="1">0</subfield>
    <subfield code="5">4</subfield>
    <subfield code="7">0</subfield>
    <subfield code="8">DS</subfield>
    <subfield code="a">GR</subfield>
    <subfield code="b">GR</subfield>
    <subfield code="c">HD</subfield>
    <subfield code="d">2009-10-06</subfield>
    <subfield code="i">LF1</subfield>
    <subfield code="l">0</subfield>
    <subfield code="o">RD864.44 G377t</subfield>
    <subfield code="p">10356-40</subfield>
    <subfield code="r">2020-06-25</subfield>
    <subfield code="t">e. 4</subfield>
    <subfield code="w">2020-06-25</subfield>
    <subfield code="y">LFDS</subfield>
    <subfield code="Z">Pr&#xE9;stamo en sala</subfield>
  </datafield>
  <datafield tag="952" ind1=" " ind2=" ">
    <subfield code="0">0</subfield>
    <subfield code="1">0</subfield>
    <subfield code="5">4</subfield>
    <subfield code="7">0</subfield>
    <subfield code="8">DS</subfield>
    <subfield code="a">GR</subfield>
    <subfield code="b">GR</subfield>
    <subfield code="c">HD</subfield>
    <subfield code="d">2011-03-01</subfield>
    <subfield code="i">LF1</subfield>
    <subfield code="l">0</subfield>
    <subfield code="o">RD864.44 G377t</subfield>
    <subfield code="p">10356-50</subfield>
    <subfield code="r">2020-06-25</subfield>
    <subfield code="t">e. 5</subfield>
    <subfield code="w">2020-06-25</subfield>
    <subfield code="y">LFDS</subfield>
    <subfield code="Z">Pr&#xE9;stamo en sala</subfield>
  </datafield>
  <datafield tag="952" ind1=" " ind2=" ">
    <subfield code="0">0</subfield>
    <subfield code="1">0</subfield>
    <subfield code="7">1</subfield>
    <subfield code="8">PD</subfield>
    <subfield code="a">PD</subfield>
    <subfield code="b">PD</subfield>
    <subfield code="c">HD</subfield>
    <subfield code="d">2009-10-06</subfield>
    <subfield code="i">LF1</subfield>
    <subfield code="l">0</subfield>
    <subfield code="o">RD864.44 G377t</subfield>
    <subfield code="p">10356-10</subfield>
    <subfield code="r">2020-06-25</subfield>
    <subfield code="w">2020-06-25</subfield>
    <subfield code="y">LFPD</subfield>
    <subfield code="Z">No se presta</subfield>
  </datafield>
  <datafield tag="952" ind1=" " ind2=" ">
    <subfield code="0">0</subfield>
    <subfield code="1">0</subfield>
    <subfield code="7">1</subfield>
    <subfield code="8">PD</subfield>
    <subfield code="a">PD</subfield>
    <subfield code="b">PD</subfield>
    <subfield code="c">HD</subfield>
    <subfield code="d">2009-10-06</subfield>
    <subfield code="i">LF1</subfield>
    <subfield code="l">0</subfield>
    <subfield code="o">RD864.44 G377t</subfield>
    <subfield code="p">10356-20</subfield>
    <subfield code="r">2020-06-25</subfield>
    <subfield code="t">e. 2</subfield>
    <subfield code="w">2020-06-25</subfield>
    <subfield code="y">LFPD</subfield>
    <subfield code="Z">No se presta</subfield>
  </datafield>
  <datafield tag="999" ind1=" " ind2=" ">
    <subfield code="c">10115</subfield>
    <subfield code="d">10115</subfield>
  </datafield>
</record>
